<?xml version="1.0" encoding="UTF-8"?>
<collection xmlns="http://www.loc.gov/MARC21/slim">
 <record>
  <leader>     na                 </leader>
  <controlfield tag="001">INLIS000000000849904</controlfield>
  <controlfield tag="005">20190729102028</controlfield>
  <datafield tag="035" ind1=" " ind2=" ">
   <subfield code="a">0010-0719000905</subfield>
  </datafield>
  <controlfield tag="007">ta</controlfield>
  <controlfield tag="008">190729t2019    yoia   g            ind d</controlfield>
  <datafield tag="020" ind1=" " ind2=" ">
   <subfield code="a">978-623-7089-00-1</subfield>
  </datafield>
  <datafield tag="040" ind1=" " ind2=" ">
   <subfield code="a">YOPDYOG</subfield>
   <subfield code="b">ind</subfield>
   <subfield code="e">rda</subfield>
  </datafield>
  <datafield tag="082" ind1="0" ind2="4">
   <subfield code="2">23</subfield>
   <subfield code="a">371.1</subfield>
  </datafield>
  <datafield tag="084" ind1=" " ind2=" ">
   <subfield code="a">371.1 ANI p</subfield>
  </datafield>
  <datafield tag="090" ind1=" " ind2=" ">
   <subfield code="a">DEP 371.1 ANI p</subfield>
  </datafield>
  <datafield tag="090" ind1=" " ind2=" ">
   <subfield code="a">CB-D.11 2019-985</subfield>
  </datafield>
  <datafield tag="100" ind1="0" ind2=" ">
   <subfield code="a">Anis Risyamawati</subfield>
   <subfield code="e">penulis</subfield>
   <subfield code="t">Konsep dan makna pembelajaran</subfield>
  </datafield>
  <datafield tag="245" ind1="1" ind2="0">
   <subfield code="a">Pembelajaran tematik /</subfield>
   <subfield code="c">penulis, Anis Risyamawati, Syuria M. Purap, Riski Murdianto, Siti Rukhani, Siti Jamilah, Moch. Amiruddin Maksum, Desy Agustin Unaisyah, Sulthon Aroby, Nur Habibah, Ubaidillah Charis, Safithia Sufra, Naemah Masalaeh, M. Riski; editor, Fina Surya Anggraini</subfield>
  </datafield>
  <datafield tag="250" ind1=" " ind2=" ">
   <subfield code="a">Cetakan pertama, Januari 2019</subfield>
  </datafield>
  <datafield tag="300" ind1=" " ind2=" ">
   <subfield code="a">vi, 226 halaman :</subfield>
   <subfield code="b">ilustrasi, grafik, tabel ;</subfield>
   <subfield code="c">20 cm</subfield>
  </datafield>
  <datafield tag="650" ind1=" " ind2="4">
   <subfield code="a">Metode belajar</subfield>
  </datafield>
  <datafield tag="700" ind1="0" ind2=" ">
   <subfield code="a">Fina Surya Anggraini</subfield>
   <subfield code="e">editor</subfield>
  </datafield>
  <datafield tag="700" ind1="0" ind2=" ">
   <subfield code="a">Syuria M. Purap</subfield>
   <subfield code="e">penulis</subfield>
   <subfield code="t">Konsep dan makna pembelajaran</subfield>
  </datafield>
  <datafield tag="700" ind1="0" ind2=" ">
   <subfield code="a">Siti Rukhani</subfield>
   <subfield code="e">penulis</subfield>
   <subfield code="t">Faktor yang mempengaruhi belajar</subfield>
  </datafield>
  <datafield tag="700" ind1="0" ind2=" ">
   <subfield code="a">Siti Jamilah</subfield>
   <subfield code="e">penulis</subfield>
   <subfield code="t">Dasar-dasar pembelajaran</subfield>
  </datafield>
  <datafield tag="700" ind1="0" ind2=" ">
   <subfield code="a">Amiruddin Maksum, Moch.</subfield>
   <subfield code="e">penulis</subfield>
   <subfield code="t">Dasar-dasar pembelajaran</subfield>
  </datafield>
  <datafield tag="700" ind1="0" ind2=" ">
   <subfield code="a">Desy Agustin Unaisyah</subfield>
   <subfield code="e">penulis</subfield>
   <subfield code="t">Hakikat perkembangan</subfield>
  </datafield>
  <datafield tag="700" ind1="0" ind2=" ">
   <subfield code="a">Sulthon Aroby</subfield>
   <subfield code="e">penulis</subfield>
   <subfield code="t">Hakikat perkembangan</subfield>
  </datafield>
  <datafield tag="700" ind1="0" ind2=" ">
   <subfield code="a">Nur Habibah</subfield>
   <subfield code="e">penulis</subfield>
   <subfield code="t">Model pengembangan pembelajaran terpadu</subfield>
  </datafield>
  <datafield tag="700" ind1="0" ind2=" ">
   <subfield code="a">Ubaidillah Charis</subfield>
   <subfield code="e">penulis</subfield>
   <subfield code="t">Model pengembangan pembelajaran terpadu</subfield>
  </datafield>
  <datafield tag="700" ind1="0" ind2=" ">
   <subfield code="a">Safithia Sufra</subfield>
   <subfield code="e">penulis</subfield>
   <subfield code="t">Implikasi, model, dan pendekatan pembelajaran terpadu</subfield>
  </datafield>
  <datafield tag="850" ind1=" " ind2=" ">
   <subfield code="a">YOPDYOG</subfield>
  </datafield>
  <datafield tag="041" ind1="0" ind2=" ">
   <subfield code="a">ind</subfield>
  </datafield>
  <datafield tag="504" ind1=" " ind2=" ">
   <subfield code="a">Termasuk bibliografi</subfield>
  </datafield>
  <datafield tag="264" ind1="3" ind2="1">
   <subfield code="a">Yogyakarta :</subfield>
   <subfield code="b">Lembaga Ladang Kata,</subfield>
   <subfield code="c">2019</subfield>
  </datafield>
  <datafield tag="336" ind1=" " ind2=" ">
   <subfield code="2">rdacontent</subfield>
   <subfield code="a">teks</subfield>
  </datafield>
  <datafield tag="337" ind1=" " ind2=" ">
   <subfield code="2">rdamedia</subfield>
   <subfield code="a">tanpa perantara</subfield>
  </datafield>
  <datafield tag="338" ind1=" " ind2=" ">
   <subfield code="2">rdacarrier</subfield>
   <subfield code="a">volume</subfield>
  </datafield>
  <datafield tag="999" ind1=" " ind2=" ">
   <subfield code="a">CB-D.11/2019-985</subfield>
  </datafield>
  <datafield tag="990" ind1=" " ind2=" ">
   <subfield code="a">CB-D.11/2019-985</subfield>
  </datafield>
 </record>
</collection>
